| 000 | 00517nam a2200157 4500 | ||
|---|---|---|---|
| 008 | 150528b xxu||||| |||| 00| 0 eng d | ||
| 020 | _a996672494X | ||
| 050 | _aHF 5415 .T48 2008 | ||
| 100 |
_aThuo, Kuria J. _d2008 |
||
| 245 |
_aPrinciples of marketing : _ba skill-building approach |
||
| 250 | _a2nd ed. | ||
| 260 |
_aNairobi: _bAcrodile Publishing Ltd, _c2008 |
||
| 300 |
_ax, 175p. _bIncludes bibliographical references and index |
||
| 650 | _aMarketing | ||
| 942 |
_2lcc _cBOOKS _hHF 5415 .T48 2008 _06 |
||
| 999 |
_c1335 _d1335 |
||